000 01260nam a2200265 4500
001 113565
003 DR-UNIBE
005 20250506160359.0
008 250506b2007 cl ||||| |||| 00| 0 spa d
020 _a9789568491123
040 _aBIBLIOTECA UNIBE
_bspa
_cBIBLIOTECA UNIBE
_erda
041 _aspa
082 _222
_a341.481 C397r
110 1 0 _aCentro de Estudios de Justicia de las Américas (CEJA)
_9194967
245 1 0 _aReporte sobre la justicia en las Américas 2006-2007 /
_cCentro de Estudios de Justicia de las Américas (CEJA) ; coordinación de edición : Catalan Ancic, Ximena, Sandra Araneda Josfré ; presentación: Jaime Arellano, Juan Enrique Vargas
260 _aSantiago de Chile :
_bCentro de Estudios de Justicia de las Américas (CEJA),
_c2007
300 _a586 páginas :
_bcuadros :
_c28 x 18 cm
505 _aEquipo del Reporte | Presentación | I Parte. Capítulos nacionales | II Parte. Anexos |
650 7 _2lemb
_aDerechos humanos
_xInformes
_95169
700 1 0 _aArellano, Jaime
_9194968
_epresentador
700 1 0 _aVargas, Juan Enrique
_9194969
_epresentador
700 1 0 _aCatalan Ancic, Ximena
_9194970
_ecoordinador de edición
700 1 0 _aAraneda Josfré, Sandra
_9194971
_ecoordinador de edición
942 _2ddc
_cBK
999 _c113565
_d113565